ბათუმის შოთა რუსთაველის სახელმწიფო უნივერსიტეტის ბიბლიოთეკა

Atlas de anatomia humana / (ბიბ.ჩანაწერი № 57441)

000 -LEADER
fixed length control field 00683nam a22002295i 4500
001 - CONTROL NUMBER
control field 20586954
005 - DATE AND TIME OF LATEST TRANSACTION
control field 20221105201221.0
008 - FIXED-LENGTH DATA ELEMENTS--GENERAL INFORMATION
fixed length control field 180717s2019 mou 000 0 eng
020 ## - INTERNATIONAL STANDARD BOOK NUMBER
International Standard Book Number 9780323596770 1
041 ## - LANGUAGE CODE
Language code of text/sound track or separate title eng
080 ## - UNIVERSAL DECIMAL CLASSIFICATION NUMBER
Universal Decimal Classification number 611(084) N-47
100 1# - MAIN ENTRY--PERSONAL NAME
Personal name Netter, Frank H.
9 (RLIN) 8646
245 10 - TITLE STATEMENT
Title Atlas de anatomia humana /
Remainder of title
Statement of responsibility, etc. Frank H. Netter, MD.
250 ## - EDITION STATEMENT
Edition statement 7th edition.
264 #1 - PRODUCTION, PUBLICATION, DISTRIBUTION, MANUFACTURE, AND COPYRIGHT NOTICE
Place of production, publication, distribution, manufacture Philadelphia, MO :
Name of producer, publisher, distributor, manufacturer Elsevier,
Date of production, publication, distribution, manufacture, or copyright notice 2019.
300 ## - PHYSICAL DESCRIPTION
Extent 533 p.:
Other physical details ill.,
Dimensions 29 cm.
653 ## - INDEX TERM--UNCONTROLLED
keyword Atlas de anatomia humana
653 ## - INDEX TERM--UNCONTROLLED
keyword მედიცინა
653 ## - INDEX TERM--UNCONTROLLED
keyword ადამიანის ანატომია
653 ## - INDEX TERM--UNCONTROLLED
keyword ატლასი
942 ## - ADDED ENTRY ELEMENTS (KOHA)
Source of classification or shelving scheme
Koha item type წიგნი
ეგზემპლარები
Withdrawn status Lost status Source of classification or shelving scheme Damaged status Not for loan Permanent Location Current Location Shelving location Date acquired Cost, normal purchase price Full call number Barcode Date last seen Copy number Price effective from Koha item type Public note
          ბათუმის შოთა რუსთაველის სახელმწიფო უნივერსიტეტის მთავარი ბიბლიოთეკა ბათუმის შოთა რუსთაველის სახელმწიფო უნივერსიტეტის მთავარი ბიბლიოთეკა წიგნსაცავი 2020-06-22 231.00 611(084) N-47 60637 2020-06-22 60637 2020-06-22 წიგნი 231 ლ.